<?xml version="1.0" encoding="UTF-8"?>
<marc:record xmlns:marc="http://www.loc.gov/MARC21/slim">
   <marc:leader>00000nam a2200000 a 4500</marc:leader>
   <marc:datafield ind1="1" ind2=" " tag="100">
      <marc:subfield code="a">Städing, Sabine</marc:subfield>
      <marc:subfield code="4">aut</marc:subfield>
      <marc:subfield code="e">Verfasser/-in</marc:subfield>
   </marc:datafield>
   <marc:datafield ind1="0" ind2="0" tag="245">
      <marc:subfield code="a">Magnolia Steel</marc:subfield>
   </marc:datafield>
   <marc:datafield ind1="0" ind2="0" tag="245">
      <marc:subfield code="c">Sabine Städing</marc:subfield>
   </marc:datafield>
   <marc:datafield ind1=" " ind2="1" tag="264">
      <marc:subfield code="a">Köln</marc:subfield>
      <marc:subfield code="b">Baumhaus</marc:subfield>
      <marc:subfield code="c">2014</marc:subfield>
   </marc:datafield>
   <marc:datafield ind1=" " ind2=" " tag="250">
      <marc:subfield code="a">1. Aufl.</marc:subfield>
   </marc:datafield>
   <marc:datafield ind1="1" ind2=" " tag="520">
      <marc:subfield code="a">Angaben aus der Verlagsmeldung

Magnolia Steel : Hexendämmerung / von Sabine Städing

Was tun, wenn man mit dreizehn Jahren urplötzlich erfährt, dass man eine Hexe ist? Magnolia fällt aus allen Wolken, als ihre Tante Linette sie in dieses Familiengeheimnis einweiht. Bisher hatte sie sich immer für ein durchschnittliches
Mädchen gehalten. Doch nun gerät ihre Welt plötzlich ins Wanken. Der unheimliche Graf Raptus, ein dunkler Magier, bedroht Rauschwald und trachtet ihr nach dem Leben. Höchste Zeit also, dass Magnolia in das Hexenhandwerk eingeführt wird,
denn um den Grafen zu besiegen, wird jede Hexe gebraucht ... "So witzig und wunderlich, dass man die Geschichte kaum aus der Hand legen mag" (Stiftung Lesen)
</marc:subfield>
   </marc:datafield>
   <marc:datafield ind1=" " ind2=" " tag="020">
      <marc:subfield code="a">9783843210782</marc:subfield>
      <marc:subfield code="9">9783843210782</marc:subfield>
   </marc:datafield>
   <marc:datafield ind1=" " ind2=" " tag="020">
      <marc:subfield code="a">3843210780</marc:subfield>
      <marc:subfield code="9">3843210780</marc:subfield>
   </marc:datafield>
   <marc:datafield ind1=" " ind2=" " tag="041">
      <marc:subfield code="a">ger</marc:subfield>
   </marc:datafield>
   <marc:datafield ind1=" " ind2=" " tag="300">
      <marc:subfield code="a">329 S.</marc:subfield>
   </marc:datafield>
</marc:record>
